000 00494nam a2200181Ia 4500
005 20250326144200.0
008 250326s9999 xx 000 0 und d
037 _aTextbook
040 _aFMSL
_beng
_cFMSL
041 _aeng
_2eng
084 _aX:51y7 N3
_qFMSL
100 _aBritt S H
_9338329
245 0 _aMarketing management & admn.action
_cBritt S H; Boyd H W
260 _aNY
_bNY, M G H
_c1963
300 _a772p
942 _cTB
_hX:51y7 N3
999 _c1302697
_d1302697